=LDR 00000nam 2200000 4500 =001 000216 =005 20250710113855 =035 ##$$a 0010-0725000025 =007 ta =008 250710################a##########0#ind## =020 ##$$a 978-623-472-155-3 =082 ##$$a 398.209 598 =084 ##$$a 398.209 598 TOR f =100 #$$a Torkono, Edem =245 1#$$a Foto Pertama Keluarga /$c Edem Torkorno =250 ##$$a 2024 =260 ##$$a Jakarta :$b Badan Pengembangan dan Pembinaan Bahasa,$c Cetakan Pertama =300 ##$$a 20 hlm : $b Ilus. ; $c 22,9 cm =650 #4$$a Cerita Anak Indonesia - Terjemahan =650 #4$$a Literasi- Bahan Bacaan =856 ##$$a TBM AS-SYUHADA =990 ##$$a TBM202500030 =990 ##$$a TBM202500031